Small-scale aquaculture: a hobbyist's guide for growing fish in recirculating systems, greenhouses, cages, and flowing water

保存先:
書誌詳細
第一著者: Gorder, Steven D. van (著者)
フォーマット: 図書
言語:英語
出版事項: Alternative Aquaculture Association Inc. 2012
版:1a. ed
主題:
タグ: タグ追加
タグなし, このレコードへの初めてのタグを付けませんか!

MARC

LEADER 00000cam a2200000 a 4500
001 UCE0804
003 CL-VaPUC
008 140307e20120000us |||||||||||||||||eng|d
020 |a 0967773202 
082 0 4 |a 639.8  |b GOR  |2 21 
100 0 |a Gorder, Steven D. van  |e author  |9 573178 
245 1 0 |a Small-scale aquaculture: a hobbyist's guide for growing fish in recirculating systems, greenhouses, cages, and flowing water 
250 |a 1a. ed 
300 |a 190 p 
942 |c BK 
945 |d 20140307 11:03:00  |a dcastane 
260 |b Alternative Aquaculture Association Inc.  |c 2012 
650 0 |a Acuicultura  |9 258883 
650 0 |a Cultivo de peces  |9 350529 
650 7 |a JAULAS  |2 CL-VaPUC  |9 393932 
583 |a last modification  |c 20140307 11:03:00  |k Rodrigo Vera 
999 |c 354831  |d 354829 
952 |0 0  |1 0  |3 erb  |4 0  |6 639_800000000000000_GOR_2012  |7 0  |8 CCM  |9 461035  |a BIBCUR  |b BIBCUR  |i 5059917  |o 639.8 GOR 2012  |p 5059917  |r 2025-04-22  |w 2019-11-23  |y BK  |z Catalogado en:20140307  |k CIM